000 00549nam a2200169Ia 4500
008 180921t2020 xxu||||| |||| 00| 0 sin d
041 _asin
080 _a82-1
_bජයර
100 _aජයරත්න, ඇලි.ඒ
245 _aගිරා ගීතය : ගිරා සංදේශය රස විඳීම
246 _aGira geethaya: gira sandeshaya rasa windima
260 _bගොඩගේ
_aකොළඹ
_c2020
300 _bපි.244, සෙ.මී.21
942 _cBK
999 _c6609
_d6609
003 LK-CoDNM
040 _aLK-CoDNM
_dLK-CoDNM
_eLK-CoDNM